[Event "Lublin op"]
[Site "Lublin"]
[Date "2011.12.29"]
[Round "6"]
[White "Kazubek, Krzysztof"]
[Black "Chwalewski, Marek"]
[Result "1-0"]
[WhiteElo "1994"]
[BlackElo "1931"]
[PlyCount "83"]
[EventDate "2011.12.27"]
[EventType "swiss"]
[EventRounds "7"]
[EventCountry "POL"]
[SourceTitle "CBM 146 Extra"]
[Source "ChessBase"]
[SourceDate "2012.02.29"]
[SourceVersion "1"]
[SourceVersionDate "2012.02.29"]
[SourceQuality "1"]

1. e4 g6 2. Nc3 c6 3. d4 Bg7 4. Nf3 d5 5. h3 b5 6. a3 e6 7. Bf4 Ne7 8. Qd2 Nd7 9. Bd3 Nb6 10. b3 0-0 11. e5 Nd7 12. Bh6 Nf5 13. Bxf5 exf5 14. 0-0-0 a5 15. h4 Nb6 16. h5 Qe7 17. hxg6 fxg6 18. Nb1 Be6 19. Ng5 Rf7 20. Nxf7 Qxf7 21. Rh4 Ra7 22. Bxg7 Qxg7 23. Rh6 Qf8 24. Rdh1 f4 25. g3 b4 26. a4 fxg3 27. fxg3 Rf7 28. Qg5 Rf1+ 29. Rxf1 Qxf1+ 30. Kb2 Qf8 31. Rxg6+ hxg6 32. Qxg6+ Kh8 33. Qxe6 Qf2 34. Qh6+ Kg8 35. Qg5+ Kf7 36. Qh5+ Kg7 37. Qg4+ Kf7 38. e6+ Ke7 39. Qg5+ Kxe6 40. Qe5+ Kf7 41. Qc7+ Kg6 42. Qxb6 1-0

[Event "Lublin op"]
[Site "Lublin"]
[Date "2011.12.28"]
[Round "4"]
[White "Kazubek, Krzysztof"]
[Black "Havryshkevich, Anna Maria"]
[Result "1-0"]
[WhiteElo "1994"]
[BlackElo "1614"]
[PlyCount "93"]
[EventDate "2011.12.27"]
[EventType "swiss"]
[EventRounds "7"]
[EventCountry "POL"]
[SourceTitle "CBM 146 Extra"]
[Source "ChessBase"]
[SourceDate "2012.02.29"]
[SourceVersion "1"]
[SourceVersionDate "2012.02.29"]
[SourceQuality "1"]

1. e4 e6 2. d3 d5 3. Nd2 c5 4. Ngf3 Nc6 5. g3 Bd6 6. Bg2 Nge7 7. 0-0 0-0 8. Re1 Ng6 9. h4 Nge5 10. Nxe5 Bxe5 11. Nf3 Bc7 12. e5 Ba5 13. c3 f5 14. exf6 Qxf6 15. Bg5 Qf7 16. Bf4 Bc7 17. Ng5 Qe7 18. Bxc7 Qxc7 19. Nxe6 Bxe6 20. Rxe6 Rad8 21. Qh5 Qf7 22. Qxf7+ Rxf7 23. Rae1 Kf8 24. Bxd5 g6 25. Bxc6 bxc6 26. Rxc6 Rxd3 27. Re2 Rd1+ 28. Kg2 Rd5 29. f4 Rfd7 30. Rf6+ Kg7 31. Rfe6 Kh6 32. R6e5 Rd2 33. Kf2 Rxe2+ 34. Kxe2 Rb7 35. b3 Rc7 36. c4 Kg7 37. g4 Kf6 38. Ke3 h6 39. Ke4 Rc6 40. g5+ hxg5 41. hxg5+ Kf7 42. Kd5 Ra6 43. a4 Rb6 44. Re3 Rb8 45. Kxc5 Rc8+ 46. Kb5 Rb8+ 47. Ka6 1-0

[Event "Rewal op-B 14th"]
[Site "Rewal"]
[Date "2009.08.29"]
[Round "9"]
[White "Kazubek, Krzysztof"]
[Black "Grabowski, Adam"]
[Result "1-0"]
[WhiteElo "1978"]
[BlackElo "1872"]
[PlyCount "45"]
[EventDate "2009.08.20"]
[EventType "swiss"]
[EventRounds "9"]
[EventCountry "POL"]
[SourceTitle "EXT 2011"]
[Source "ChessBase"]
[SourceDate "2010.11.26"]
[SourceVersion "1"]
[SourceVersionDate "2010.11.26"]
[SourceQuality "1"]

1. e4 e5 2. Nc3 Nf6 3. g3 d5 4. exd5 Nxd5 5. Bg2 Nxc3 6. bxc3 Nc6 7. d3 Be6 8. Nf3 Qd7 9. 0-0 0-0-0 10. Re1 f6 11. Be3 g5 12. Rb1 Ba3 13. c4 Bb4 14. c3 Ba5 15. Qb3 Bb6 16. Qb2 Qe7 17. c5 Bxc5 18. Qxb7+ Kd7 19. Nxg5 Nb8 20. Qb5+ c6 21. Qb7+ Ke8 22. Qxe7+ Kxe7 23. Bxc5+ 1-0

[Event "Rewal op-B 14th"]
[Site "Rewal"]
[Date "2009.08.28"]
[Round "8"]
[White "Lewtak, Damian"]
[Black "Kazubek, Krzysztof"]
[Result "0-1"]
[WhiteElo "1902"]
[BlackElo "1978"]
[PlyCount "92"]
[EventDate "2009.08.20"]
[EventType "swiss"]
[EventRounds "9"]
[EventCountry "POL"]
[SourceTitle "EXT 2011"]
[Source "ChessBase"]
[SourceDate "2010.11.26"]
[SourceVersion "1"]
[SourceVersionDate "2010.11.26"]
[SourceQuality "1"]

1. e4 e5 2. Nf3 Nc6 3. Bb5 Nf6 4. 0-0 Nxe4 5. d4 Nd6 6. Bxc6 dxc6 7. dxe5 Nf5 8. Qxd8+ Kxd8 9. Bg5+ Ke8 10. Nc3 Be6 11. Rad1 h6 12. Bc1 a5 13. a3 Bc5 14. Ne4 Bb6 15. b3 a4 16. b4 Ne7 17. Rfe1 Bd5 18. Bb2 Nf5 19. g4 Ne7 20. Nh4 Be6 21. h3 h5 22. g5 Ng6 23. Nxg6 fxg6 24. h4 Rf8 25. Bd4 Bxd4 26. Rxd4 b6 27. Re3 Ke7 28. Ng3 Rad8 29. Rxd8 Rxd8 30. Kf1 Rd2 31. Rc3 Bd5 32. f4 Ke6 33. f5+ gxf5 34. Nxh5 Kxe5 35. Nxg7 f4 36. Ne8 Rh2 37. g6 Rxh4 38. Nxc7 Rg4 39. Nxd5 Kxd5 40. Rd3+ Ke5 41. c4 Rxg6 42. b5 cxb5 43. Rd5+ Ke4 44. Rxb5 Rg3 45. Rxb6 Rxa3 46. c5 Kf3 0-1

[Event "Rewal op-B 14th"]
[Site "Rewal"]
[Date "2009.08.23"]
[Round "4"]
[White "Zochowski, Kacper"]
[Black "Kazubek, Krzysztof"]
[Result "1-0"]
[WhiteElo "1793"]
[BlackElo "1978"]
[PlyCount "91"]
[EventDate "2009.08.20"]
[EventType "swiss"]
[EventRounds "9"]
[EventCountry "POL"]
[SourceTitle "EXT 2011"]
[Source "ChessBase"]
[SourceDate "2010.11.26"]
[SourceVersion "1"]
[SourceVersionDate "2010.11.26"]
[SourceQuality "1"]

1. e4 e5 2. Nf3 Nc6 3. Bb5 Nf6 4. Qe2 Nd4 5. Nxd4 exd4 6. e5 Nd5 7. Qe4 Nb4 8. 0-0 Bc5 9. c3 Nc6 10. Bd3 Qe7 11. b4 Bb6 12. Re1 d5 13. exd6 cxd6 14. b5 Qxe4 15. Bxe4 Ne7 16. Ba3 Be6 17. Bxd6 Kd7 18. Bxe7 Kxe7 19. Bxb7 Rad8 20. c4 Kd6 21. d3 Ba5 22. Rd1 Bf5 23. Bc6 Kc7 24. Na3 Bc3 25. Rab1 Kb6 26. h3 h5 27. Nc2 Kc5 28. a3 a5 29. Na1 Bxa1 30. Rxa1 h4 31. f3 g5 32. Be4 Bd7 33. Re1 f5 34. Bxf5 Bxf5 35. Re5+ Kb6 36. Rxf5 Rhe8 37. Rxg5 Re2 38. Rd1 Rde8 39. Rg6+ Kc7 40. c5 a4 41. Rg7+ Kc8 42. Rg5 Rc2 43. c6 Ree2 44. Rb1 Kc7 45. b6+ Kxc6 46. b7 1-0

[Event "Rewal op-A 14th"]
[Site "Rewal"]
[Date "2009.08.20"]
[Round "1"]
[White "Kazubek, Krzysztof"]
[Black "Stysiak, Szymon"]
[Result "1/2-1/2"]
[WhiteElo "1978"]
[BlackElo "2246"]
[PlyCount "67"]
[EventDate "2009.08.19"]
[EventType "swiss"]
[EventRounds "9"]
[EventCountry "POL"]
[SourceTitle "CBM 131 Extra"]
[Source "ChessBase"]
[SourceDate "2009.09.03"]
[SourceVersion "2"]
[SourceVersionDate "2009.09.16"]
[SourceQuality "1"]

1. e4 e6 2. Nf3 d5 3. exd5 exd5 4. d4 Nc6 5. Be2 Bd6 6. 0-0 Bg4 7. Nc3 Nge7 8. Nb5 f6 9. c3 Qd7 10. b3 0-0-0 11. a4 h5 12. a5 a6 13. Nxd6+ Qxd6 14. b4 Na7 15. Ne1 Nb5 16. Bd2 g5 17. Nd3 Kb8 18. Nc5 Ng6 19. f3 Bd7 20. Re1 g4 21. Bxb5 Bxb5 22. Re6 Qf8 23. f4 Qf7 24. f5 Ne7 25. Qc2 Rde8 26. Bf4 h4 27. Rb6 Ka8 28. Rxb7 Qh5 29. Rxc7 Nc8 30. Na4 Rh7 31. Rxc8+ Rxc8 32. Nb6+ Kb7 33. Nxc8 Kxc8 34. Re1 1/2-1/2

[Event "Lublin op"]
[Site "Lublin"]
[Date "2009.06.09"]
[Round "2"]
[White "Gora, Antonina"]
[Black "Kazubek, Krzysztof"]
[Result "0-1"]
[WhiteElo "1540"]
[BlackElo "1968"]
[PlyCount "56"]
[EventDate "2009.06.08"]
[EventType "swiss"]
[EventRounds "9"]
[EventCountry "POL"]
[SourceTitle "CBM 130 Extra"]
[Source "ChessBase"]
[SourceDate "2009.07.02"]
[SourceVersion "2"]
[SourceVersionDate "2009.07.15"]
[SourceQuality "1"]

1. e4 e5 2. Nf3 Nc6 3. d4 exd4 4. Bc4 Nf6 5. e5 Ng4 6. 0-0 d6 7. exd6 Bxd6 8. Re1+ Kf8 9. h3 Nge5 10. Bb3 Qf6 11. Ng5 h6 12. Ne4 Qg6 13. Ng3 h5 14. Kh1 f5 15. Ne2 Ng4 16. Kg1 Nge5 17. Nf4 Qf6 18. Nxh5 Qh4 19. Nf4 g5 20. Ne6+ Bxe6 21. Bxe6 Ne7 22. f4 gxf4 23. Rf1 f3 24. Rf2 d3 25. Qe1 Ng4 26. Rf1 Bh2+ 27. Kh1 fxg2+ 28. Kxg2 Qxh3+ 0-1

[Event "POL-ch Seniors"]
[Site "Swietochlowice"]
[Date "2008.10.06"]
[Round "9.2"]
[White "Polok, Kacper"]
[Black "Kazubek, Krzysztof"]
[Result "1-0"]
[WhiteElo "2015"]
[BlackElo "1961"]
[PlyCount "129"]
[EventDate "2008.09.30"]
[EventType "swiss"]
[EventRounds "9"]
[EventCountry "POL"]
[SourceTitle "EXT 2023"]
[Source "ChessBase"]
[SourceDate "2022.10.05"]
[SourceVersion "1"]
[SourceVersionDate "2022.10.05"]
[SourceQuality "1"]

1. e4 e5 2. Nf3 Nf6 3. d4 Nxe4 4. Bd3 d5 5. dxe5 Be7 6. 0-0 0-0 7. c4 Nc6 8. Be3 Bf5 9. Nc3 Nxc3 10. bxc3 Bg4 11. cxd5 Bxf3 12. Qxf3 Nxe5 13. Qe4 Nxd3 14. Qxd3 c6 15. Rfd1 cxd5 16. Qb5 Qc7 17. Qxd5 Rfd8 18. Qe4 Bd6 19. g3 b6 20. Bd4 Re8 21. Qf3 Be5 22. Bxe5 Qxe5 23. Rd7 Qe6 24. Rad1 g6 25. a4 a5 26. R1d6 Qe4 27. Kg2 Rac8 28. Rd4 Qe6 29. R4d5 h5 30. Qd3 Qe4+ 31. Qxe4 Rxe4 32. Rd8+ Rxd8 33. Rxd8+ Kg7 34. Rd4 Re6 35. Kf3 Kf6 36. Re4 Rc6 37. c4 Rc5 38. Ke3 Rc6 39. Kd3 Rd6+ 40. Rd4 Rc6 41. Rd5 Ke6 42. Kd4 Rc8 43. h4 Rc7 44. f3 Rc8 45. c5 bxc5+ 46. Rxc5 Rd8+ 47. Kc4 Rd1 48. Rxa5 Rg1 49. Rg5 Rc1+ 50. Kb5 Kd6 51. a5 Rb1+ 52. Kc4 Rc1+ 53. Kd4 Rd1+ 54. Ke4 Re1+ 55. Kd4 Rd1+ 56. Ke4 Re1+ 57. Kf4 Rb1 58. Re5 f6 59. Re8 Rb4+ 60. Re4 Rb5 61. Ra4 g5+ 62. Ke3 Rb3+ 63. Ke4 gxh4 64. gxh4 Rb8 65. a6 1-0

[Event "Kolobrzeg op"]
[Site "Kolobrzeg"]
[Date "2008.08.26"]
[Round "9"]
[White "Kazubek, Krzysztof"]
[Black "Diczew, Filip"]
[Result "0-1"]
[WhiteElo "1956"]
[BlackElo "2124"]
[PlyCount "68"]
[EventDate "2008.08.18"]
[EventType "swiss"]
[EventRounds "9"]
[EventCountry "POL"]
[SourceTitle "CBM 126 Extra"]
[Source "ChessBase"]
[SourceDate "2008.11.05"]
[SourceVersion "1"]
[SourceVersionDate "2008.11.05"]
[SourceQuality "1"]

1. d4 Nc6 2. e4 d5 3. Nc3 e5 4. dxe5 d4 5. Nd5 Nge7 6. Nxe7 Qxe7 7. Nf3 Bg4 8. Be2 Bxf3 9. Bxf3 Qxe5 10. 0-0 0-0-0 11. g3 h5 12. Bf4 Qc5 13. b4 Nxb4 14. Rb1 c6 15. Rb2 Na6 16. e5 g6 17. Qe2 Nc7 18. Rfb1 b6 19. h4 Bh6 20. Bxh6 Rxh6 21. Qe4 Nd5 22. Re1 Rhh8 23. a4 Rhe8 24. a5 Qxa5 25. Reb1 f5 26. Qd3 Rxe5 27. Qxd4 Re1+ 28. Kh2 Rxb1 29. Rxb1 Qc3 30. Qa4 Qxf3 31. Qxc6+ Kb8 32. c4 Qxf2+ 33. Kh1 Nc7 34. c5 Rd2 0-1

[Event "Kolobrzeg op"]
[Site "Kolobrzeg"]
[Date "2008.08.19"]
[Round "2"]
[White "Kielar, Maciej"]
[Black "Kazubek, Krzysztof"]
[Result "1/2-1/2"]
[WhiteElo "2045"]
[BlackElo "1956"]
[PlyCount "25"]
[EventDate "2008.08.18"]
[EventType "swiss"]
[EventRounds "9"]
[EventCountry "POL"]
[SourceTitle "CBM 126 Extra"]
[Source "ChessBase"]
[SourceDate "2008.11.05"]
[SourceVersion "1"]
[SourceVersionDate "2008.11.05"]
[SourceQuality "1"]

1. e4 e5 2. Bc4 Nf6 3. d3 Nc6 4. Nc3 Be7 5. f4 d6 6. Nf3 0-0 7. fxe5 Nxe5 8. Nxe5 dxe5 9. 0-0 Bc5+ 10. Kh1 Ng4 11. Qf3 Qh4 12. h3 Nf2+ 13. Kh2 1/2-1/2

[Event "Lublin Region-ch"]
[Site "Lublin"]
[Date "2008.02.10"]
[Round "5.10"]
[White "Bartczak, Krzysztof"]
[Black "Kazubek, Krzysztof"]
[Result "1/2-1/2"]
[WhiteElo "1966"]
[BlackElo "1935"]
[PlyCount "21"]
[EventDate "2008.02.08"]
[EventType "swiss"]
[EventRounds "9"]
[EventCountry "POL"]
[SourceTitle "EXT 2023"]
[Source "ChessBase"]
[SourceDate "2022.10.05"]
[SourceVersion "1"]
[SourceVersionDate "2022.10.05"]
[SourceQuality "1"]

1. g3 Nf6 2. Bg2 d5 3. Nf3 c5 4. d3 Nc6 5. 0-0 g6 6. c3 Bg7 7. Nbd2 e5 8. e4 d4 9. Nc4 Qe7 10. a4 0-0 11. Qe2 1/2-1/2

[Event "Polanica Zdroj op-B 43rd"]
[Site "Polanica Zdroj"]
[Date "2007.08.20"]
[Round "4"]
[White "Walczak, Krystian"]
[Black "Kazubek, Krzysztof"]
[Result "1-0"]
[WhiteElo "1942"]
[BlackElo "1929"]
[PlyCount "75"]
[EventDate "2007.08.17"]
[EventType "swiss"]
[EventRounds "10"]
[EventCountry "POL"]
[SourceTitle "CBM 120 Extra"]
[Source "ChessBase"]
[SourceDate "2007.11.01"]
[SourceVersion "1"]
[SourceVersionDate "2007.11.01"]
[SourceQuality "1"]

1. e4 e5 2. Nf3 Nc6 3. Bc4 Nf6 4. d4 Nxe4 5. dxe5 Nc5 6. Qd5 Ne6 7. Be3 d6 8. exd6 Qxd6 9. Qe4 Qb4+ 10. Nbd2 Be7 11. 0-0-0 Bf6 12. c3 Qe7 13. h4 Bd7 14. g4 g6 15. h5 0-0-0 16. g5 Bg7 17. h6 Bf8 18. Ne5 Nxe5 19. Qxe5 Rg8 20. Ne4 Bc6 21. Nf6 Bxh1 22. Nxg8 Rxd1+ 23. Kxd1 Qd7+ 24. Kc1 Bf3 25. Bd2 Bd6 26. Qe3 Qc6 27. Bxe6+ fxe6 28. Qxe6+ Kb8 29. Ne7 Qe8 30. Qg8 Qxg8 31. Nxg8 Be5 32. c4 Kc8 33. Ne7+ Kd7 34. Nxg6 Bd6 35. Nh4 Be4 36. g6 hxg6 37. h7 Be5 38. Bc3 1-0

[Event "Polanica Zdroj op-B 43rd"]
[Site "Polanica Zdroj"]
[Date "2007.08.18"]
[Round "2"]
[White "Kaliszewski, Tomasz"]
[Black "Kazubek, Krzysztof"]
[Result "0-1"]
[WhiteElo "2158"]
[BlackElo "1929"]
[PlyCount "74"]
[EventDate "2007.08.17"]
[EventType "swiss"]
[EventRounds "10"]
[EventCountry "POL"]
[SourceTitle "CBM 120 Extra"]
[Source "ChessBase"]
[SourceDate "2007.11.01"]
[SourceVersion "1"]
[SourceVersionDate "2007.11.01"]
[SourceQuality "1"]

1. e4 e5 2. Nf3 Nc6 3. Bb5 Nf6 4. 0-0 Nxe4 5. d4 Nd6 6. Bxc6 dxc6 7. dxe5 Nf5 8. Qxd8+ Kxd8 9. g4 Ne7 10. h3 h5 11. Ng5 Ke8 12. f3 Nd5 13. Re1 Bc5+ 14. Kg2 a5 15. a3 Kf8 16. c4 Nb6 17. b3 Bd4 18. Ra2 a4 19. b4 c5 20. bxc5 Bxc5 21. Nd2 Be7 22. Nge4 Be6 23. Rc2 Rd8 24. Bb2 hxg4 25. hxg4 Nd7 26. Nc3 Nc5 27. Nb5 Nd3 28. Re4 Bg5 29. Nf1 Nf4+ 30. Kf2 Rh1 31. Rd4 Bh4+ 32. Ke3 Rxd4 33. Bxd4 Bg5 34. Kf2 Bh4+ 35. Ke3 Bg5 36. Nd2 Re1+ 37. Kf2 Bh4# 0-1

[Event "Lublin Bezirk-ch"]
[Site "Lublin"]
[Date "2007.02.25"]
[Round "4"]
[White "Kazubek, Krzysztof"]
[Black "Maka, Michal"]
[Result "0-1"]
[WhiteElo "1921"]
[BlackElo "2059"]
[PlyCount "64"]
[EventDate "2007.02.23"]
[EventType "swiss"]
[EventRounds "9"]
[EventCountry "POL"]
[SourceTitle "EXT 2011"]
[Source "ChessBase"]
[SourceDate "2010.11.26"]
[SourceVersion "1"]
[SourceVersionDate "2010.11.26"]
[SourceQuality "1"]

1. e4 c6 2. d4 d5 3. Nc3 g6 4. h3 Bg7 5. Nf3 Nh6 6. Bf4 f6 7. Qd2 Nf7 8. Bg3 0-0 9. Rd1 Re8 10. exd5 cxd5 11. Bb5 Nc6 12. 0-0 a6 13. Bxc6 bxc6 14. Rfe1 e5 15. Na4 e4 16. Nh2 f5 17. Nf1 g5 18. f4 exf3 19. Rxe8+ Qxe8 20. Nb6 Ra7 21. Re1 Qd8 22. Nxc8 Qxc8 23. gxf3 f4 24. Bf2 Qxh3 25. Re8+ Bf8 26. Qb4 Qh6 27. Nh2 Qd6 28. Qb6 Re7 29. Rc8 Re6 30. Kf1 h5 31. Be1 Rxe1+ 32. Kxe1 Qe6+ 0-1

[Event "POL-chT 2nd League"]
[Site "Lublin"]
[Date "2006.09.09"]
[Round "8.106"]
[White "Lipien, Wieslaw"]
[Black "Kazubek, Krzysztof"]
[Result "1-0"]
[WhiteElo "2069"]
[BlackElo "1901"]
[PlyCount "111"]
[EventDate "2006.09.02"]
[EventType "team-swiss"]
[EventRounds "9"]
[EventCountry "POL"]
[SourceTitle "EXT 2019"]
[Source "ChessBase"]
[SourceDate "2018.10.10"]
[SourceVersion "1"]
[SourceVersionDate "2018.10.10"]
[SourceQuality "1"]
[WhiteTeam "Przedwojow Debiut"]
[BlackTeam "Lublin AZS UMCS II"]
[WhiteTeamCountry "POL"]
[BlackTeamCountry "POL"]

1. e4 e5 2. Nf3 Nf6 3. Nxe5 d6 4. Nf3 Nxe4 5. d4 d5 6. Bd3 Nc6 7. 0-0 Bg4 8. Re1 Be7 9. c4 Nf6 10. cxd5 Bxf3 11. Qxf3 Qxd5 12. Qxd5 Nxd5 13. Nc3 Ndb4 14. Be4 Nxd4 15. Rd1 0-0-0 16. Bf4 f5 17. Be5 fxe4 18. Rxd4 Rxd4 19. Bxd4 Rg8 20. Rd1 a6 21. a3 Nc6 22. Kf1 Nxd4 23. Rxd4 Bf6 24. Rxe4 Rd8 25. Ke2 b5 26. a4 c6 27. axb5 axb5 28. f4 Kc7 29. g4 g6 30. g5 Bg7 31. h4 Kd7 32. Kf3 Rf8 33. Kg4 c5 34. h5 Rf5 35. h6 Bh8 36. Re2 c4 37. Rd2+ Ke7 38. Nd5+ Ke6 39. Nc7+ Ke7 40. Nd5+ Ke6 41. Nc7+ Kf7 42. Rd7+ Kg8 43. Nxb5 Bxb2 44. Nd6 Rf8 45. Nxc4 Bc1 46. Rd4 Rc8 47. Kf3 Rf8 48. Re4 Rc8 49. Rd4 Rf8 50. Nd6 Ba3 51. Ne4 Bb2 52. Rd7 Be5 53. Ke3 Bb2 54. Rb7 Ba1 55. Nd6 Bc3 56. Rb3 1-0

[Event "POL-chT 2nd League"]
[Site "Lublin"]
[Date "2006.09.06"]
[Round "5.106"]
[White "Kazubek, Krzysztof"]
[Black "Bachorczyk, Marcin"]
[Result "0-1"]
[WhiteElo "1901"]
[BlackElo "2058"]
[PlyCount "70"]
[EventDate "2006.09.02"]
[EventType "team-swiss"]
[EventRounds "9"]
[EventCountry "POL"]
[SourceTitle "EXT 2019"]
[Source "ChessBase"]
[SourceDate "2018.10.10"]
[SourceVersion "1"]
[SourceVersionDate "2018.10.10"]
[SourceQuality "1"]
[WhiteTeam "Lublin AZS UMCS II"]
[BlackTeam "Gliwice Roszada"]
[WhiteTeamCountry "POL"]
[BlackTeamCountry "POL"]

1. e4 e6 2. d4 b6 3. Nf3 Bb7 4. Bd3 Ne7 5. c4 Ng6 6. Nc3 Bb4 7. Qc2 Nh4 8. Nxh4 Qxh4 9. d5 0-0 10. 0-0 c6 11. dxc6 Nxc6 12. Be3 Ne5 13. f3 Bd6 14. g3 Qh3 15. Be2 Rac8 16. b3 Bb8 17. Qd2 Rfd8 18. Rad1 f5 19. Bg5 Re8 20. f4 Nf7 21. Bf3 h6 22. Bh4 fxe4 23. Nxe4 Qf5 24. Rfe1 Bc6 25. b4 Ne5 26. Bg2 Nxc4 27. Qe2 b5 28. a4 a6 29. a5 Ba7+ 30. Kh1 Ne3 31. Qxe3 Bxe3 32. Rxe3 g5 33. fxg5 hxg5 34. g4 Qg6 35. Bg3 Rf8 0-1